Beste Ligue One Torschützen Paris Saint-Germain - Statistiken

Allgemein
  • Dieses Quiz wurde 222 mal gespielt
    103 seit der letzten Aktualisierung
  • Das Durchschnittsergebnis liegt bei 15 aus 24
Antwortstatistiken
Saison Nationalität Tore Spieler % Korrekt
2023/24 Frankreich 27 Kylian Mbappé
100%
2022/23 Frankreich 29 Kylian Mbappé
100%
2021/22 Frankreich 28 Kylian Mbappé
100%
2020/21 Frankreich 27 Kylian Mbappé
100%
2019/20 Frankreich 18 Kylian Mbappé
100%
2018/19 Frankreich 33 Kylian Mbappé
100%
2015/16 Schweden 38 Zlatan Ibrahimović
100%
2014/15 Schweden 19 Zlatan Ibrahimović
100%
2013/14 Schweden 26 Zlatan Ibrahimović
100%
2012/13 Schweden 30 Zlatan Ibrahimović
100%
2017/18 Uruguay 28 Édinson Cavani
98%
2016/17 Uruguay 35 Édinson Cavani
98%
2024/25 Frankreich 21 Ousmane Dembélé
93%
2002/03 Brasilien 8 Ronaldinho
62%
2006/07 Portugal 15 Pauleta
20%
2005/06 Portugal 21 Pauleta
20%
2004/05 Portugal 14 Pauleta
20%
2003/04 Portugal 14 Pauleta
20%
2011/12 Brasilien 21 Nenê
8%
2010/11 Brasilien 14 Nenê
8%
2009/10 Türkei 15 Mevlüt Erdinç
4%
2008/09 Frankreich 17 Guillaume Hoarau
3%
2002/03 Brasilien 8 Aloísio
0%
2007/08 Elfenbeinküste 11 Amara Diané
0%
Keine übereinstimmenden Quizze gefunden
Verteilung der Resultate
Anzahl Personen mit jedem Resultat
Perzentil nach korrekt beantworteten Fragen
Ihre Resultats-Entwicklung
Sie haben dieses Quiz seit der letzten Aktualisierung nicht gespielt